| 000 | 00722nam a2200229Ii 4500 | ||
|---|---|---|---|
| 003 | JO-AjNU | ||
| 008 | 230605s9999||||xx |||||||||||||| ||und|| | ||
| 017 | _a2009/7/3209 | ||
| 020 | _a978-9957-07-711-2 | ||
| 040 |
_aJO-AjNU _bara _erda _cJO-AjNU |
||
| 041 | _aara | ||
| 050 | 1 | 4 | _aHD62.4.A4482.2010 |
| 100 | 3 |
_aعامر،سامح عبدالمطلب, _eauthor _928668 |
|
| 245 | 0 | 0 | _aادارة الاعمال الدولية |
| 250 | _aط1 | ||
| 264 | 3 | 1 | _aعمان:دار الفكر ناشرون وموزعون،2010 |
| 300 | _a236ص | ||
| 336 |
_atext _btxt _2rdacontent |
||
| 337 |
_aunmediated _bn _2rdamedia |
||
| 338 |
_avolume _bnc _2rdacarrier |
||
| 650 | 4 |
_aادارة الاعمال الدولية _928669 |
|
| 999 |
_aA11148 _c14716 _d14716 |
||